000 00286nam a22001337a 4500
008 170908b xxu||||| |||| 00| 0 eng d
020 _a9780792278443
041 _aeng
080 _a91
100 _a42
101 _aGJEO
245 _aLONG ROAD SOUTH
_cYOGERST,J.R
942 _2udc
_cBK
999 _c26901
_d26901